AP JAWS Trivia ... for those who really know their shark! Quiz Stats

 Plays Quiz not verified by Sporcle

Support Sporcle.
Go Orange.
Score 0/20 Timer 10:00
0 Plays Today
question answer % Correct
On what island was the 1975 movie JAWS actually filmed?Martha's Vineyard
78.5%
What kind of hands does Quint accuse Hooper of having?city hands
54.6%
Minutes before Alex Kintner gets whacked, Sean Brody is seen playing in the sand singing what song?do you know the muffin man
54.3%
In an effort to cover-up the apparent 'shark problem' on the island, the mayor convinces the medical examiner to ammend his report of Chrissy Watkins from 'shark attack' to '___'propeller
48.1%
At the town meeting where they discuss dealing with the shark, what was Quint eating as he proposed his plan?potato chips
44.1%
What 'unconventional material' does Quint use as a leader on his fishing line?piano wire
33.8%
Chief Martin Brody rushes out of his office to buy supplies from a hardware store to do what?Make beach closed signs
29%
un-credited for being in the scene, after the shark kills Alex Kintner, what production crew member can be seen helping to evacuate the people from the water?Steven Spielberg
27.6%
In a last-ditch effort to kill the shark, what does QUINT plan to do?draw him into shallow water
26.9%
What was the name of Quint's friend from Cleveland who was 'bitten in half below the waist?' Herbie Robinson
23.1%
question answer % Correct
What newspaper does the character of Harry Meadows work for?The Gazette
21.1%
How long did Quint say it took the U.S.S Indianapolis to sink?twelve minutes
19.9%
What kind of car does Mayor Larry Vaughan drive?cadillac
19.3%
When Quint leaves the meeting, his assistant leaves with him. What was his assistant holding?a dog leash
16%
When Quint tells of his experience aboard the U.S.S Indianapolis, what kind of military plane first spotted the survivors in the water?a lockheed ventura
11%
During the first 'implied' bout with the shark, Quint is in the fighting chair yelling at Hooper. He tells Hooper 'You may be a big yahoo in the lab, but out here you're just '____supercargo
8.6%
When Mrs. Kintner advertises her bounty on the shark, Harry Meadows assures Chief Brody that he's going run the ad in what part of the newspaper?Grocery Ads
7.4%
While executing QUINT'S hail-mary plan to kill the shark, what does he do to the boat that eventually seals their fateburns out the bearings
4.6%
In the filming of Jaws, there were two 'Orcas' One was an actual operating boat, the other was just a prop. What was the name of the actual boat procured by the studio Warlock
3.4%
In HOOPER'S last-ditch plan to kill the shark, he proposes injecting the shark with what?strychnine nitrate
2%

You're not logged in!

Compare scores with friends on all Sporcle quizzes.
OR
Log In

From the Vault

Most Land Borders

by Derek

It has been said that good fences make good neighbors, these countries probably have a lot of fences then.
Remove Ads.
Support Sporcle.
Get the best of Sporcle when you Go Orange. This ad-free experience offers more features, more stats, and more fun while also helping to support Sporcle. Thank you for becoming a member.

Show Comments

Extras

Created Jul 12, 2011ReportNominate
Tags:Jaw, shark

Top Quizzes Today


Score Distribution

Your Account Isn't Verified!

In order to create a playlist on Sporcle, you need to verify the email address you used during registration. Go to your Sporcle Settings to finish the process.

Report this User

Report this user for behavior that violates our Community Guidelines.

Details: